banner-ar

العدوان العراقى على المؤسسات العلمية والتربوية والثقافية بالكويت فى تقارير خبراء اليونسكو والمنظمات العربية والاسلامية / (Record no. 41113)

MARC details
000 -الفاتح
حقل البيانات ثابتة الطول 01188nam a2200277Ia 4500
008 - عناصر البيانات ثابتة الطول - معلومات عامة
حقل البيانات ثابتة الطول 140319s9999 xx 000 0 ara d
040 ## - مصدر الفهرسة
وكالة الفهرسة الأصلية GCL /
وكالة النسخ GCL
082 04 - رقم تصنيف ديوى العشرى
رقم التصنيف 327.11
رقم المادة س ع
100 1# - المدخل الرئيسى - إسم شخصى
الإسم الشخصى سليمان عبدالله العنيزى
245 10 - بيان العنوان
العنوان العدوان العراقى على المؤسسات العلمية والتربوية والثقافية بالكويت فى تقارير خبراء اليونسكو والمنظمات العربية والاسلامية /
بيان المسئوليه,etc سليمان عبدالله العنيزى
300 ## - الوصف المادى
التعداد 159 ص
490 ## - بيان السلسلة
عنوان السلسلة العدوان العراقى على الكويت: دراسات ووثائق
رقم المجلد/ التعيين التسلسلي 0
650 04 - المدخل الاضافى بالموضوع-مصطلح موضوعى
مصطلح موضوعي العصر الحديث
650 04 - المدخل الاضافى بالموضوع-مصطلح موضوعى
مصطلح موضوعي الكويت
650 04 - المدخل الاضافى بالموضوع-مصطلح موضوعى
مصطلح موضوعي العلاقات الخارجية
650 04 - المدخل الاضافى بالموضوع-مصطلح موضوعى
مصطلح موضوعي الامن الدولى
650 04 - المدخل الاضافى بالموضوع-مصطلح موضوعى
مصطلح موضوعي اليونسكو
650 04 - المدخل الاضافى بالموضوع-مصطلح موضوعى
مصطلح موضوعي المنظمات الدولية
650 04 - المدخل الاضافى بالموضوع-مصطلح موضوعى
مصطلح موضوعي الاحتلال العراقى (1990 - 1991)
650 04 - المدخل الاضافى بالموضوع-مصطلح موضوعى
مصطلح موضوعي الكويت - تاريخ
650 04 - المدخل الاضافى بالموضوع-مصطلح موضوعى
مصطلح موضوعي العدوان
650 04 - المدخل الاضافى بالموضوع-مصطلح موضوعى
مصطلح موضوعي المنظمات العربية المتخصصة
650 04 - المدخل الاضافى بالموضوع-مصطلح موضوعى
مصطلح موضوعي المنظمة العربية للتربية والثقافة
942 ## - عناصر المدخل الإضافي( كوها)
مصدر التصنيف او مخطط الترفيف Dewey Decimal Classification
Koha [default] item type كتاب
Holdings
حالة التراجع حالة الفقد حالة تلف ليس للاعارة المكان المؤقت الموقع الحالى تاريخ الاكتساب اجمالي اﻻعارات رقم الطلب الباركود تاريخ اخر مشاهدة تاريخ تفعيل السعر نوع وعاء كوها
        مكتبة القاهرة الكبرى مكتبة القاهرة الكبرى 03/26/2014   327.11\س ع 99105 03/26/2014 03/26/2014 كتاب
        مكتبة القاهرة الكبرى مكتبة القاهرة الكبرى 03/26/2014   327.11\س ع 99106 03/26/2014 03/26/2014 كتاب

Powered By

EGPV